| 000 | 00912nam a22002297a 4500 | ||
|---|---|---|---|
| 005 | 20100406154211.0 | ||
| 008 | 100406t xxu||||| |||| 00| 0 eng d | ||
| 010 | _aB-379411 | ||
| 020 |
_a9788129115300 _c95.00 |
||
| 035 | _aB-379411 | ||
| 037 | _bPansy Books | ||
| 040 |
_adpl _bEnglish |
||
| 082 | _aN | ||
| 100 | _aBhagat, Chetan | ||
| 245 |
_a(Two) 2 states : _bthe story of my marriage / _cby Chetan Bhagat |
||
| 260 |
_aNew Delhi _bRupa &Co. _c2010 |
||
| 270 |
_a1410 Chiranjiv Tower 43 Nehru Place _bNew Delhi _e110019 |
||
| 300 |
_a269p. _c18cm (pbk) |
||
| 942 |
_2ddc _cEN _hN _mBHA |
||
| 999 |
_c35107 _d35107 |
||